[Event "World ol U16"]
[Site "Konya"]
[Date "2018.12.01"]
[Round "8.12"]
[White "Eng, Jia Qian"]
[Black "Borhy, Marcell Boldizsar"]
[Result "1-0"]
[WhiteElo "1942"]
[BlackElo "2201"]
[PlyCount "129"]
[EventDate "2018.11.25"]
[EventType "team-swiss"]
[EventRounds "9"]
[EventCountry "TUR"]
[SourceTitle "CBM 187 Extra"]
[Source "ChessBase"]
[SourceDate "2018.11.04"]
[SourceVersion "1"]
[SourceVersionDate "2018.11.04"]
[SourceQuality "1"]
[WhiteTeam "Malaysia"]
[BlackTeam "Hungary"]
[WhiteTeamCountry "MAS"]
[BlackTeamCountry "HUN"]

1. Nf3 d5 2. d4 Nf6 3. c4 e6 4. g3 Be7 5. Bg2 0-0 6. 0-0 c6 7. Qc2 b6 8. Ne5 Bb7 9. Rd1 Nfd7 10. Nxd7 Nxd7 11. e4 dxc4 12. Qxc4 b5 13. Qe2 Qb6 14. Be3 Rad8 15. Nc3 b4 16. d5 c5 17. Na4 Qa5 18. Qc2 exd5 19. exd5 Bd6 20. b3 Qc7 21. Rac1 Rfe8 22. Bh3 Nb6 23. Bxc5 Nxd5 24. Bg2 Bxc5 25. Qxc5 Qe5 26. Qxa7 Nc3 27. Nxc3 Bxg2 28. Rxd8 Rxd8 29. Kxg2 bxc3 30. Qe3 Qxe3 31. fxe3 Rd2+ 32. Kf3 Rxa2 33. Rxc3 Kf8 34. h4 Ke7 35. Rc7+ Ke6 36. Rb7 h5 37. b4 g6 38. b5 f6 39. Rc7 Rb2 40. Rc6+ Ke5 41. b6 g5 42. hxg5 fxg5 43. g4 h4 44. Rg6 h3 45. Rxg5+ Kf6 46. Rh5 h2 47. Kg3 Rxb6 48. Rxh2 Ke5 49. Rf2 Ke4 50. g5 Kxe3 51. Rf6 Rb1 52. Kg4 Ke4 53. Re6+ Kd5 54. Re2 Rb6 55. Kf5 Rb1 56. Rd2+ Kc6 57. g6 Rg1 58. Kf6 Rf1+ 59. Kg7 Kc7 60. Kh7 Rh1+ 61. Kg8 Kc8 62. g7 Kc7 63. Rf2 Kd7 64. Kf8 Re1 65. g8Q 1-0

[Event "World ol U16"]
[Site "Konya"]
[Date "2018.11.26"]
[Round "2.12"]
[White "Eng, Jia Qian"]
[Black "Mitsis, Georgios"]
[Result "0-1"]
[WhiteElo "1942"]
[BlackElo "2350"]
[PlyCount "146"]
[EventDate "2018.11.25"]
[EventType "team-swiss"]
[EventRounds "9"]
[EventCountry "TUR"]
[SourceTitle "CBM 187 Extra"]
[Source "ChessBase"]
[SourceDate "2018.11.04"]
[SourceVersion "1"]
[SourceVersionDate "2018.11.04"]
[SourceQuality "1"]
[WhiteTeam "Malaysia"]
[BlackTeam "Greece"]
[WhiteTeamCountry "MAS"]
[BlackTeamCountry "GRE"]

1. d4 Nf6 2. c4 e6 3. g3 c5 4. d5 d6 5. Bg2 exd5 6. cxd5 g6 7. Nf3 Bg7 8. 0-0 0-0 9. Nc3 Re8 10. Nd2 a6 11. a4 Nbd7 12. Nc4 Ne5 13. Nxe5 Rxe5 14. Re1 Re8 15. h3 Rb8 16. a5 b5 17. axb6 Rxb6 18. e4 Rb4 19. Qc2 Nd7 20. Bd2 Ne5 21. Nd1 Rc4 22. Bc3 Bxh3 23. Ne3 Rd4 24. Bxh3 Nf3+ 25. Kg2 Nxe1+ 26. Rxe1 Rdxe4 27. Bxg7 Kxg7 28. Qc3+ Qf6 29. Qxf6+ Kxf6 30. Kf3 Kg7 31. Ra1 Rb4 32. Rxa6 Rd8 33. Ra2 Rdb8 34. Bf1 Rxb2 35. Rxb2 Rxb2 36. Nc4 Rb3+ 37. Ke2 Kf6 38. Nxd6 Ke5 39. Nxf7+ Kxd5 40. Ng5 c4 41. Bg2+ Kc5 42. Ne6+ Kb4 43. Be4 c3 44. Nd4 Rb2+ 45. Bc2 Kc4 46. Ke3 Rb8 47. Bd3+ Kc5 48. Ne6+ Kb4 49. Nd4 Re8+ 50. Be4 Kc4 51. f3 Re7 52. Nc2 Kb3 53. Nd4+ Kc4 54. Nc2 Rd7 55. Kf4 Kb3 56. g4 Rd2 57. Ne3 Re2 58. Bd3 Re1 59. Ke4 h5 60. gxh5 gxh5 61. Kf4 h4 62. Bc2+ Kb2 63. Bf5 h3 64. Ng4 Rg1 65. Nh2 c2 66. Bxc2 Kxc2 67. Ke3 Rg2 68. Nf1 h2 69. Nxh2 Rxh2 70. f4 Kc3 71. Ke4 Kc4 72. Ke5 Kc5 73. Ke6 Re2+ 0-1

[Event "World ol U16"]
[Site "Konya"]
[Date "2018.11.26"]
[Round "3.17"]
[White "Golubovskis, Maksims"]
[Black "Eng, Jia Qian"]
[Result "1/2-1/2"]
[WhiteElo "2049"]
[BlackElo "1942"]
[PlyCount "110"]
[EventDate "2018.11.25"]
[EventType "team-swiss"]
[EventRounds "9"]
[EventCountry "TUR"]
[SourceTitle "CBM 187 Extra"]
[Source "ChessBase"]
[SourceDate "2018.11.04"]
[SourceVersion "1"]
[SourceVersionDate "2018.11.04"]
[SourceQuality "1"]
[WhiteTeam "Latvia"]
[BlackTeam "Malaysia"]
[WhiteTeamCountry "LAT"]
[BlackTeamCountry "MAS"]

1. e4 c6 2. d4 d5 3. Nc3 dxe4 4. Nxe4 Bf5 5. Ng3 Bg6 6. h4 h6 7. Nf3 Nd7 8. h5 Bh7 9. Bd3 Bxd3 10. Qxd3 e6 11. Bd2 Ngf6 12. 0-0-0 Be7 13. Kb1 0-0 14. Ne4 Nxe4 15. Qxe4 Nf6 16. Qe2 Qd5 17. Be3 b5 18. Ne5 a5 19. g4 Ne4 20. Rhg1 a4 21. f3 Ng5 22. Bxg5 Bxg5 23. Qe4 Rac8 24. Rge1 Qxe4 25. fxe4 Rfd8 26. Rd3 Bf6 27. Nf3 Rd7 28. Red1 Rcd8 29. c3 Kf8 30. Kc2 Kg8 31. R1d2 Kf8 32. Kd1 Kg8 33. Ke2 Kf8 34. Rd1 Kg8 35. Ne1 Bg5 36. Nc2 Be7 37. Kf3 Kh8 38. d5 Bc5 39. Nd4 cxd5 40. e5 Rb7 41. Nc2 Kg8 42. b3 axb3 43. axb3 Ra8 44. Nd4 Bxd4 45. Rxd4 f6 46. Kf4 Ra2 47. Rb4 Re2 48. exf6 gxf6 49. c4 Re4+ 50. Kf3 Rg7 51. Rxb5 Rgxg4 52. cxd5 Rgf4+ 53. Kg3 Rg4+ 54. Kf3 Rgf4+ 55. Kg3 Rg4+ 1/2-1/2

[Event "Eastern Asia-ch U18 3rd"]
[Site "Shanghai"]
[Date "2018.08.09"]
[Round "9"]
[White "Chen, Qi B"]
[Black "Eng, Jia Qian"]
[Result "1/2-1/2"]
[WhiteElo "2415"]
[BlackElo "1922"]
[PlyCount "48"]
[EventDate "2018.08.02"]
[EventType "swiss"]
[EventRounds "9"]
[EventCountry "CHN"]
[SourceTitle "EXT 2019"]
[Source "ChessBase"]
[SourceDate "2018.10.10"]
[SourceVersion "1"]
[SourceVersionDate "2018.10.10"]
[SourceQuality "1"]

1. e4 c6 2. d4 d5 3. e5 c5 4. dxc5 e6 5. a3 Qc7 6. Nf3 Bxc5 7. b4 Be7 8. Bb5+ Bd7 9. Bd3 Bd8 10. 0-0 Ne7 11. Bb2 Ng6 12. g3 a6 13. h4 Nc6 14. Qe2 f6 15. exf6 Bxf6 16. Bxf6 gxf6 17. c4 dxc4 18. Bxc4 Nce5 19. Nbd2 Nxc4 20. Qxc4 Qxc4 21. Nxc4 Ke7 22. Rfe1 Rhd8 23. h5 Nf8 24. Nd4 e5 1/2-1/2

[Event "Eastern Asia-ch U18 3rd"]
[Site "Shanghai"]
[Date "2018.08.06"]
[Round "7"]
[White "Garidmagnai, Byambasuren"]
[Black "Eng, Jia Qian"]
[Result "1-0"]
[WhiteElo "2128"]
[BlackElo "1922"]
[PlyCount "99"]
[EventDate "2018.08.02"]
[EventType "swiss"]
[EventRounds "9"]
[EventCountry "CHN"]
[SourceTitle "EXT 2019"]
[Source "ChessBase"]
[SourceDate "2018.10.10"]
[SourceVersion "1"]
[SourceVersionDate "2018.10.10"]
[SourceQuality "1"]

1. Nf3 Nf6 2. c4 c6 3. b3 g6 4. Bb2 Bg7 5. e3 0-0 6. Be2 d5 7. 0-0 Re8 8. d3 a5 9. Nbd2 Na6 10. a3 Bf5 11. Nh4 Be6 12. Qc2 Qd7 13. Rfd1 Bg4 14. Nhf3 Bxf3 15. Nxf3 Nc7 16. Rac1 Ne6 17. h3 Rad8 18. Bc3 Ra8 19. Qb2 Red8 20. Rc2 Ne8 21. Ne5 Qd6 22. d4 Ng5 23. cxd5 cxd5 24. Rdc1 f6 25. Nd3 Ne4 26. Be1 e5 27. dxe5 fxe5 28. Nc5 Nxc5 29. Rxc5 d4 30. exd4 exd4 31. Bd3 Bf8 32. b4 axb4 33. Bxb4 Qf4 34. Bd2 Qb8 35. Rb5 Rd7 36. a4 Bg7 37. a5 Nd6 38. Rb6 Qd8 39. Re1 Qf6 40. Qb3+ Qf7 41. Qb4 Rf8 42. f3 Qd5 43. Qa4 Rc7 44. Bb4 Nf5 45. Bxf8 Bxf8 46. Rb5 Qc6 47. Qb3+ Kg7 48. Bxf5 Re7 49. Rxe7+ Bxe7 50. Bc2 1-0

[Event "Penang Mini op1st"]
[Site "Penang"]
[Date "2018.06.15"]
[Round "4"]
[White "Eng, Jia Qian"]
[Black "Lim, Kian Hwa"]
[Result "1-0"]
[WhiteElo "1911"]
[BlackElo "1709"]
[PlyCount "55"]
[EventDate "2018.06.13"]
[EventType "swiss"]
[EventRounds "9"]
[EventCountry "MAS"]
[SourceTitle "CBM 184 Extra"]
[Source "ChessBase"]
[SourceDate "2018.06.28"]
[SourceVersion "1"]
[SourceVersionDate "2018.06.28"]
[SourceQuality "1"]

1. d4 d5 2. c4 e6 3. Nf3 Nf6 4. g3 Nbd7 5. Bg2 Bd6 6. Qc2 c6 7. 0-0 0-0 8. Nbd2 Re8 9. b3 e5 10. dxe5 Nxe5 11. cxd5 cxd5 12. Bb2 Bd7 13. Nxe5 Bxe5 14. Bxe5 Rxe5 15. Nf3 Rc8 16. Qd3 Rh5 17. Rac1 Bh3 18. Bxh3 Rxh3 19. Qf5 Rxc1 20. Rxc1 g6 21. Qxh3 Qb6 22. Qh6 Qxf2+ 23. Kxf2 Ng4+ 24. Kg2 Nxh6 25. Rc7 Ng4 26. Rxb7 Ne3+ 27. Kf2 Ng4+ 28. Ke1 1-0

[Event "Penang op-A 9th"]
[Site "Penang"]
[Date "2017.12.08"]
[Round "7"]
[White "Eng, Jia Qian"]
[Black "Nouri, Alekhine"]
[Result "0-1"]
[WhiteElo "1754"]
[BlackElo "2043"]
[PlyCount "37"]
[EventDate "2017.12.04"]
[EventType "swiss"]
[EventRounds "9"]
[EventCountry "MAS"]
[SourceTitle "CBM 182 Extra"]
[Source "ChessBase"]
[SourceDate "2018.02.23"]
[SourceVersion "1"]
[SourceVersionDate "2018.02.23"]
[SourceQuality "1"]

1. d4 Nf6 2. c4 g6 3. Nf3 Bg7 4. g3 0-0 5. Bg2 d6 6. 0-0 c5 7. d5 a6 8. a4 e6 9. Nc3 exd5 10. cxd5 Re8 11. Nd2 Nbd7 12. e4 Ne5 13. Qc2 Rb8 14. f4 Nfg4 15. Nb3 c4 16. h3 Qb6+ 17. Kh1 cxb3 18. Qe2 Nh6 19. Ra3 0-1

[Event "Penang op-A 9th"]
[Site "Penang"]
[Date "2017.12.06"]
[Round "4"]
[White "Siddharth, Jagadeesh"]
[Black "Eng, Jia Qian"]
[Result "0-1"]
[WhiteElo "1953"]
[BlackElo "1754"]
[PlyCount "59"]
[EventDate "2017.12.04"]
[EventType "swiss"]
[EventRounds "9"]
[EventCountry "MAS"]
[SourceTitle "CBM 182 Extra"]
[Source "ChessBase"]
[SourceDate "2018.02.23"]
[SourceVersion "1"]
[SourceVersionDate "2018.02.23"]
[SourceQuality "1"]

1. d4 d5 2. c4 c6 3. Nf3 Nf6 4. g3 g6 5. Bg2 dxc4 6. 0-0 Bg7 7. Qc2 0-0 8. Nbd2 b5 9. e4 Bb7 10. a4 a6 11. b3 cxb3 12. Nxb3 Nbd7 13. Bd2 Rc8 14. Ba5 Qe8 15. Rac1 c5 16. e5 cxd4 17. Qe2 d3 18. Qxd3 Ng4 19. Rxc8 Bxc8 20. axb5 Ngxe5 21. Nxe5 Nxe5 22. Qc3 Qxb5 23. Nd4 Qd7 24. Rb1 Ng4 25. Rb4 e5 26. Nf5 Bb7 27. Qb3 Bc6 28. h3 Nh6 29. Kh2 Nxf5 30. Rb8 0-1

[Event "Penang op-A 9th"]
[Site "Penang"]
[Date "2017.12.05"]
[Round "2"]
[White "Frost, Peter"]
[Black "Eng, Jia Qian"]
[Result "1-0"]
[WhiteElo "1926"]
[BlackElo "1754"]
[PlyCount "133"]
[EventDate "2017.12.04"]
[EventType "swiss"]
[EventRounds "9"]
[EventCountry "MAS"]
[SourceTitle "CBM 182 Extra"]
[Source "ChessBase"]
[SourceDate "2018.02.23"]
[SourceVersion "1"]
[SourceVersionDate "2018.02.23"]
[SourceQuality "1"]

1. d4 d5 2. c4 c6 3. cxd5 cxd5 4. Bg5 g6 5. Nc3 Bg7 6. e3 Nf6 7. Bd3 0-0 8. Nf3 Nc6 9. 0-0 h6 10. Bf4 Bg4 11. h3 Be6 12. Rc1 Qc8 13. Na4 g5 14. Bh2 g4 15. hxg4 Bxg4 16. Be2 Qf5 17. Nc5 Nd8 18. Ne5 Bxe2 19. Qxe2 b6 20. Ncd3 Ne6 21. Nc6 Rfe8 22. Nde5 Ne4 23. f3 N4g5 24. Qc2 Qxc2 25. Rxc2 h5 26. Kf2 Bf6 27. Rfc1 Kg7 28. Rc3 Nh7 29. Ke2 Bg5 30. R1c2 Nf6 31. Nb4 h4 32. Na6 Nh5 33. f4 Bf6 34. f5 Ng5 35. Nc7 Ne4 36. Nxe8+ Rxe8 37. Rc8 Rxc8 38. Rxc8 Nd6 39. Ra8 Nxf5 40. Rxa7 Bg5 41. Ng4 Kg6 42. Ra6 Nhg3+ 43. Bxg3 hxg3 44. Rxb6+ Kh5 45. Kf3 Nd6 46. Ne5 Nf5 47. Rb3 f6 48. Nf7 Bh4 49. a4 Kg6 50. Nd8 e5 51. dxe5 fxe5 52. Rb6+ Kh5 53. Nc6 Bg5 54. Nxe5 Nxe3 55. Kxg3 Nf5+ 56. Kf3 Nd4+ 57. Kf2 Bd8 58. Rd6 Bc7 59. Rxd5 Ne6 60. Nf3+ Kg6 61. b4 Nf4 62. Rd7 Bb6+ 63. Kf1 Kf5 64. a5 Be3 65. b5 Ke4 66. Re7+ Kd3 67. Rxe3+ 1-0

[Event "Hong Kong Jolimark op"]
[Site "Hong Kong"]
[Date "2016.12.29"]
[Round "8"]
[White "Eng, Jia Qian"]
[Black "Leung, Ho Yan Andrew"]
[Result "1-0"]
[WhiteElo "1583"]
[BlackElo "2009"]
[PlyCount "129"]
[EventDate "2016.12.26"]
[EventType "swiss"]
[EventRounds "9"]
[EventCountry "HKG"]
[SourceTitle "CBM 176 Extra"]
[Source "ChessBase"]
[SourceDate "2017.03.02"]
[SourceVersion "1"]
[SourceVersionDate "2017.03.02"]
[SourceQuality "1"]

1. d4 Nf6 2. c4 e6 3. g3 d5 4. Nf3 Bb4+ 5. Bd2 Be7 6. Bg2 0-0 7. 0-0 c6 8. Qc2 Nbd7 9. Bf4 Nh5 10. Bc1 b6 11. Nbd2 Nhf6 12. e4 dxe4 13. Nxe4 Bb7 14. Rd1 Qc8 15. Ne5 Nxe4 16. Bxe4 Nf6 17. Bg2 c5 18. d5 exd5 19. cxd5 Bd6 20. Nc4 Ne8 21. Bg5 Qc7 22. Re1 f6 23. Bd2 Rd8 24. Nxd6 Nxd6 25. Bf4 g5 26. Bd2 Bc8 27. Bc3 Bf5 28. Qa4 Kf7 29. h4 h6 30. Bf3 Qd7 31. Bh5+ Kg7 32. Qxd7+ Rxd7 33. Bf3 Rfd8 34. g4 Bh7 35. Re6 Rf8 36. hxg5 hxg5 37. Rae1 Bg8 38. Re7+ Rf7 39. R7e6 Rf8 40. Re7+ Rxe7 41. Rxe7+ Rf7 42. Re6 Nb5 43. d6 Rd7 44. Bxf6+ Kh6 45. Re7 Rxe7 46. Bxe7 Be6 47. Be4 Bxg4 48. Bf8+ Kh5 49. Bc6 Nd4 50. Be8+ Kh4 51. d7 Nc6 52. Bd6 Be6 53. Bc7 Bxa2 54. d8Q Nxd8 55. Bxd8 Be6 56. Bc7 c4 57. Bb5 Kg4 58. Bb8 Kf3 59. Bxa7 g4 60. Bxb6 Bd5 61. Bc7 Ke4 62. Kg2 Kd4+ 63. Kg3 Be6 64. Ba5 Kc5 65. Be8 1-0

[Event "Hong Kong Jolimark op"]
[Site "Hong Kong"]
[Date "2016.12.26"]
[Round "1"]
[White "Dimakiling, Oliver"]
[Black "Eng, Jia Qian"]
[Result "1-0"]
[WhiteElo "2404"]
[BlackElo "1583"]
[PlyCount "53"]
[EventDate "2016.12.26"]
[EventType "swiss"]
[EventRounds "9"]
[EventCountry "HKG"]
[SourceTitle "CBM 176 Extra"]
[Source "ChessBase"]
[SourceDate "2017.03.02"]
[SourceVersion "1"]
[SourceVersionDate "2017.03.02"]
[SourceQuality "1"]

1. c4 c6 2. e4 d5 3. exd5 cxd5 4. d4 Nf6 5. Nc3 Nc6 6. Nf3 Bg4 7. Be3 e6 8. c5 Be7 9. h3 Bh5 10. Qb3 Qc7 11. g4 Bg6 12. Nh4 Nd7 13. Nxg6 hxg6 14. Bg2 0-0 15. 0-0 b6 16. Nb5 Qd8 17. Rac1 Rc8 18. Qa4 bxc5 19. dxc5 d4 20. Nxd4 Nxc5 21. Rxc5 Bxc5 22. Nxc6 Qb6 23. Ne7+ Kh8 24. Nxc8 Rxc8 25. Rc1 Rc7 26. Rxc5 Rxc5 27. b4 1-0